00871 2200325 4500001002100000005001500021035002000036007000300056040001700059100003100076245002100107250001200128300004200140020001800182041000800200082000800208084001400216090002300230264004700253336002100300337003000321338002300351650001900374850001000393008004100403504002900444500002900473990002100502990002200523INLIS00000000000500820260515074415 a0010-0222000098ta aSBPUPADbind0 aParulian DonaldePengarang1 aMenggugat Pemilu a.-Cet.1 axiv, 140 hal. :billus. ;c14,5x21 cm a979-416-459-3 aind a324 a324 PAR m a2X9 FAT a 2 5 R 19 a.--jakarta :bPustaka Sinar Harapan,c1997 2rdacontentaTeks 2rdamediaaTanpa Perantara 2rdacarrieravolume 4aPemilihan Umum aPUPAD260515 0  abibliografi, hlm 115-116 aTentang Penulis, hlm 143 a00669/ARPUS/2005 a00669H/ARPUS/2005